| 000 | 00704nam a2200193 a 4500 | ||
|---|---|---|---|
| 001 | 000513111 | ||
| 003 | AM-YEHGA | ||
| 005 | 20250618072738.0 | ||
| 008 | 061206|1907 ai | |||||||||||||arm|d | ||
| 040 | _aAM-YeHGA | ||
| 041 | 0 | _aarm | |
| 110 | 2 |
_aՀայ յեղափոխական դաշնակցութիւն _94870 |
|
| 245 | 1 | 0 |
_aԾրագիր : _bՀաստատւած 1907 թ. Հ.Յ. Դաշնակցութեան ընդհանուր ժողովից. |
| 260 |
_aԲաքու : _bՏպ. Բաքու _c1917. |
||
| 300 |
_a29 էջ ; _c18 սմ. |
||
| 650 | 1 | 4 |
_aԿուսակցություններ _xՀայ հեղափոխական դաշնակցություն _vԾրագիր _95461 |
| 942 |
_2udc _cBK |
||
| 090 | _c192297 | ||
| 999 |
_c190828 _d190828 |
||